[Event "New York GM-A"]
[Site "New York USA"]
[Date "2021.11.14"]
[Round "9.3"]
[White "Khamrakulov, Djurabek"]
[Black "Roussel-Roozmon, Thomas"]
[Result "1-0"]
[WhiteElo "2512"]
[BlackElo "2471"]
[PlyCount "91"]
[EventDate "2021.11.10"]
[EventType "tourn"]
[EventRounds "9"]
[EventCountry "USA"]
[EventCategory "8"]
[Source "ChessMix"]
[SourceDate "2021.11.20"]

1. e4 e5 2. Nf3 Nc6 3. d4 exd4 4. Nxd4 Nf6 5. Nxc6 bxc6 6. e5 Qe7 7. Qe2 Nd5 8.
c4 Nb6 9. b3 Qe6 10. g3 a5 11. h4 Bb4+ 12. Bd2 O-O 13. Bh3 Qe7 14. O-O d6 15.
Bg2 Bd7 16. Rc1 Rfe8 17. Qd3 dxe5 18. a3 Bc5 19. Bc3 Qd6 20. Qc2 f5 21. b4 axb4
22. axb4 Bxb4 23. Rxa8 Rxa8 24. Rd1 Qc5 25. Bxb4 Qxb4 26. c5 Be6 27. cxb6 Qxb6
28. Qxc6 Qxc6 29. Bxc6 Ra1 30. Nc3 Rxd1+ 31. Nxd1 Kf7 32. Nc3 Ke7 33. Kf1 Kd6
34. Be8 c5 35. Ke2 c4 36. Na4 f4 37. Kd2 Kd5 38. Nc3+ Kd6 39. Ne2 fxg3 40. Nxg3
Kd5 41. Kc3 g6 42. Bb5 Kc5 43. Ba6 Bd5 44. Nf1 h6 45. Ne3 Be6 46. Nxc4 1-0

[Event "Charlotte Labor Day GM-B"]
[Site "Charlotte USA"]
[Date "2021.09.02"]
[Round "1.3"]
[White "Roussel-Roozmon, Thomas"]
[Black "Panchanathan, Magesh Chandran"]
[Result "1-0"]
[WhiteElo "2462"]
[BlackElo "2500"]
[PlyCount "115"]
[EventDate "2021.09.02"]
[EventType "tourn"]
[EventRounds "9"]
[EventCountry "USA"]
[EventCategory "9"]
[Source "ChessMix"]
[SourceDate "2021.09.10"]
[WhiteTeam "Canada"]
[BlackTeam "India"]
[WhiteTeamCountry "CAN"]
[BlackTeamCountry "IND"]

1. Nf3 Nf6 2. c4 e6 3. g3 b6 4. Bg2 Bb7 5. O-O g6 6. d4 Bg7 7. Qc2 O-O 8. Nc3
c5 9. dxc5 bxc5 10. Rd1 Nc6 11. Bg5 Qe7 12. Qd2 Rfd8 13. Qf4 d5 14. cxd5 exd5
15. Bxf6 Qxf6 16. Qxf6 Bxf6 17. Nxd5 Bxb2 18. Rab1 Nb4 19. Rxb2 Bxd5 20. Rbd2
c4 21. e4 c3 22. Rxd5 Nxd5 23. exd5 Rab8 24. Nd4 Rb2 25. Rc1 Rxa2 26. Nc6 Rd7
27. Rxc3 Ra1+ 28. Bf1 Kg7 29. Rd3 Rd6 30. Kg2 a5 31. Rd2 a4 32. Bc4 Rc1 33. Na5
Rc3 34. Ba2 Rc7 35. Nc4 Rd8 36. Kf3 Re7 37. Rd4 Re1 38. Ne3 Ra8 39. d6 a3 40.
Nd5 Rc1 41. Nb4 Re8 42. Rd3 Rb8 43. Rd4 Re8 44. h4 Rc3+ 45. Kf4 h6 46. Rc4
Rxc4+ 47. Bxc4 Rc8 48. Ba2 Kf6 49. Nd5+ Kg7 50. Ke5 Re8+ 51. Ne7 Kf8 52. d7
Rxe7+ 53. Kd6 Rxd7+ 54. Kxd7 h5 55. Kd8 f6 56. Kd7 g5 57. Ke6 Kg7 58. Kf5 1-0

[Event "Charlotte Labor Day GM-B"]
[Site "Charlotte USA"]
[Date "2021.09.03"]
[Round "2.4"]
[White "Korley, Kassa"]
[Black "Roussel-Roozmon, Thomas"]
[Result "1/2-1/2"]
[WhiteElo "2411"]
[BlackElo "2462"]
[PlyCount "107"]
[EventDate "2021.09.02"]
[EventType "tourn"]
[EventRounds "9"]
[EventCountry "USA"]
[EventCategory "9"]
[Source "ChessMix"]
[SourceDate "2021.09.10"]
[WhiteTeam "Denmark"]
[BlackTeam "Canada"]
[WhiteTeamCountry "DEN"]
[BlackTeamCountry "CAN"]

1. d4 Nf6 2. c4 e6 3. Nc3 Bb4 4. Qc2 b6 5. a3 Bxc3+ 6. Qxc3 Bb7 7. Nf3 d6 8. e3
Nbd7 9. Be2 O-O 10. O-O c5 11. b3 Rc8 12. Bb2 cxd4 13. exd4 b5 14. Rac1 Nb6 15.
c5 Nbd5 16. Qc2 Nf4 17. Rfd1 Qd7 18. b4 Bd5 19. Qd2 Nxe2+ 20. Qxe2 Qb7 21. Rc3
Rfd8 22. h3 h6 23. Ne1 Bc4 24. Qc2 Qe4 25. Qxe4 Nxe4 26. Re3 Nf6 27. Rc1 Nd5
28. Rf3 g5 29. Kh2 f5 30. Nc2 Kf7 31. Re1 Nf4 32. Bc1 Bd5 33. Rxf4 gxf4 34.
Bxf4 dxc5 35. dxc5 Be4 36. Ne3 Rd3 37. a4 a6 38. axb5 axb5 39. Ng4 fxg4 40.
Rxe4 gxh3 41. g3 Rf3 42. Be3 h5 43. Kxh3 Rf5 44. Kh4 e5 45. f4 exf4 46. Bxf4
Re8 47. Rd4 Re2 48. Kh3 Rb2 49. c6 Rc2 50. c7 Kg6 51. Rd6+ Rf6 52. Rd5 Rf5 53.
Rd6+ Rf6 54. Rd5 1/2-1/2

[Event "Charlotte Labor Day GM-B"]
[Site "Charlotte USA"]
[Date "2021.09.03"]
[Round "3.2"]
[White "Roussel-Roozmon, Thomas"]
[Black "Hong, Andrew"]
[Result "1/2-1/2"]
[WhiteElo "2462"]
[BlackElo "2494"]
[PlyCount "44"]
[EventDate "2021.09.02"]
[EventType "tourn"]
[EventRounds "9"]
[EventCountry "USA"]
[EventCategory "9"]
[Source "ChessMix"]
[SourceDate "2021.09.10"]
[WhiteTeam "Canada"]
[BlackTeam "United States"]
[WhiteTeamCountry "CAN"]
[BlackTeamCountry "USA"]

1. c4 c5 2. Nf3 Nf6 3. Nc3 Nc6 4. g3 d5 5. d4 cxd4 6. Nxd4 dxc4 7. Nxc6 Qxd1+
8. Nxd1 bxc6 9. Bg2 Nd5 10. Ne3 e6 11. Nxc4 Ba6 12. Na5 Rc8 13. Bd2 Be7 14. Rc1
c5 15. e4 Nb6 16. e5 Na4 17. b3 Nb2 18. Be4 O-O 19. f4 Rfd8 20. Be3 c4 21. Nxc4
Nxc4 22. bxc4 Rxc4 1/2-1/2

[Event "Charlotte Labor Day GM-B"]
[Site "Charlotte USA"]
[Date "2021.09.04"]
[Round "4.5"]
[White "Wang, Justin"]
[Black "Roussel-Roozmon, Thomas"]
[Result "0-1"]
[WhiteElo "2463"]
[BlackElo "2462"]
[PlyCount "202"]
[EventDate "2021.09.02"]
[EventType "tourn"]
[EventRounds "9"]
[EventCountry "USA"]
[EventCategory "9"]
[Source "ChessMix"]
[SourceDate "2021.09.10"]
[WhiteTeam "United States"]
[BlackTeam "Canada"]
[WhiteTeamCountry "USA"]
[BlackTeamCountry "CAN"]

1. e4 c5 2. Nf3 e6 3. d4 cxd4 4. Nxd4 Nc6 5. Nc3 Qc7 6. Be3 a6 7. a3 b5 8. Nxc6
Qxc6 9. Bd3 Bb7 10. Qd2 Rc8 11. f3 d6 12. Bd4 Nf6 13. e5 dxe5 14. Bxe5 Nd7 15.
Be4 Qb6 16. Bd4 Qc7 17. Bxb7 Qxb7 18. Rd1 f6 19. Ne4 Be7 20. Bc3 Nb6 21. Qe2
Rc6 22. Bb4 Kf7 23. O-O Nd5 24. c3 Rd8 25. Kh1 Rcc8 26. Rfe1 Qc6 27. Qf2 Qc7
28. Bxe7 Nxe7 29. Rxd8 Rxd8 30. Nc5 Rd6 31. b4 Qc6 32. Qc2 Ng6 33. c4 bxc4 34.
Qxc4 Qd5 35. Qc1 Ne5 36. Ne4 Rc6 37. Qe3 h6 38. h3 Qd3 39. Qxd3 Nxd3 40. Rd1
Ne5 41. a4 Ke7 42. b5 axb5 43. axb5 Rb6 44. Rb1 Nc4 45. Rc1 Na3 46. Nc3 Rb7 47.
Ra1 Nxb5 48. Nxb5 Rxb5 49. Ra7+ Kf8 50. Kh2 h5 51. h4 Kg8 52. Re7 e5 53. Kg3
Kh7 54. Kh3 Kh6 55. Kg3 Kg6 56. Ra7 Rb4 57. Re7 Ra4 58. Kh3 Ra1 59. Kh2 Rb1 60.
Kg3 Rc1 61. Kh2 Ra1 62. Kg3 Ra6 63. Kh2 Rd6 64. Kg3 Rc6 65. Kh3 Rb6 66. Kg3 Rb5
67. Ra7 Rd5 68. Rb7 f5 69. Rb6+ Kf7 70. Rb7+ Kf6 71. Rb6+ Ke7 72. Rb7+ Rd7 73.
Rb6 Kf7 74. Ra6 g6 75. Rb6 Re7 76. Rb3 Kf6 77. Kf2 e4 78. fxe4 fxe4 79. Ke3 Kf5
80. Rb8 Re6 81. Kf2 Kg4 82. Rb4 Kxh4 83. Rb5 Kg4 84. Ke3 h4 85. Ra5 g5 86. Kf2
Kf4 87. Kg1 g4 88. Kh2 e3 89. g3+ hxg3+ 90. Kg2 e2 91. Ra1 Rd6 92. Ra5 Ke3 93.
Ra4 Rd3 94. Ra1 Rd1 95. Ra3+ Kd4 96. Ra4+ Kc5 97. Ra5+ Kb6 98. Re5 e1=R 99.
Rxe1 Rxe1 100. Kxg3 Re4 101. Kf2 Kc5 0-1

[Event "Charlotte Labor Day GM-B"]
[Site "Charlotte USA"]
[Date "2021.09.04"]
[Round "5.1"]
[White "Roussel-Roozmon, Thomas"]
[Black "Wang, Tianqi"]
[Result "1/2-1/2"]
[WhiteElo "2462"]
[BlackElo "2368"]
[PlyCount "27"]
[EventDate "2021.09.02"]
[EventType "tourn"]
[EventRounds "9"]
[EventCountry "USA"]
[EventCategory "9"]
[Source "ChessMix"]
[SourceDate "2021.09.10"]
[WhiteTeam "Canada"]
[BlackTeam "United States"]
[WhiteTeamCountry "CAN"]
[BlackTeamCountry "USA"]

1. Nf3 c5 2. c4 g6 3. e4 Nc6 4. d4 cxd4 5. Nxd4 Nf6 6. Nc3 d6 7. Be2 Nxd4 8.
Qxd4 Bg7 9. Bg5 O-O 10. Qd2 a5 11. O-O a4 12. Rad1 Be6 13. f3 Qb6+ 14. Be3
1/2-1/2

[Event "Charlotte Labor Day GM-B"]
[Site "Charlotte USA"]
[Date "2021.09.05"]
[Round "6.5"]
[White "Roussel-Roozmon, Thomas"]
[Black "Theodorou, Nikolas"]
[Result "1/2-1/2"]
[WhiteElo "2462"]
[BlackElo "2569"]
[PlyCount "22"]
[EventDate "2021.09.02"]
[EventType "tourn"]
[EventRounds "9"]
[EventCountry "USA"]
[EventCategory "9"]
[Source "ChessMix"]
[SourceDate "2021.09.10"]
[WhiteTeam "Canada"]
[BlackTeam "Greece"]
[WhiteTeamCountry "CAN"]
[BlackTeamCountry "GRE"]

1. Nf3 Nf6 2. c4 g6 3. b3 Bg7 4. Bb2 O-O 5. g3 d6 6. d4 e5 7. dxe5 Nfd7 8. Nc3
dxe5 9. Qd2 Nc6 10. Rd1 Re8 11. h4 h6 1/2-1/2

[Event "Charlotte Labor Day GM-B"]
[Site "Charlotte USA"]
[Date "2021.09.05"]
[Round "7.2"]
[White "Rozman, Levy"]
[Black "Roussel-Roozmon, Thomas"]
[Result "1/2-1/2"]
[WhiteElo "2353"]
[BlackElo "2462"]
[PlyCount "77"]
[EventDate "2021.09.02"]
[EventType "tourn"]
[EventRounds "9"]
[EventCountry "USA"]
[EventCategory "9"]
[Source "ChessMix"]
[SourceDate "2021.09.10"]
[WhiteTeam "United States"]
[BlackTeam "Canada"]
[WhiteTeamCountry "USA"]
[BlackTeamCountry "CAN"]

1. c4 e5 2. g3 c6 3. Nf3 e4 4. Nd4 d5 5. cxd5 Qxd5 6. Nc2 Nf6 7. Nc3 Qe5 8. Bg2
Be7 9. b4 O-O 10. Bb2 Re8 11. O-O Bf8 12. a3 Qh5 13. Ne3 Bh3 14. f3 exf3 15.
Rxf3 Bxg2 16. Kxg2 Ng4 17. Nxg4 Qxg4 18. Qf1 Qg6 19. d3 Nd7 20. Ne4 a5 21. Rf5
axb4 22. axb4 Rxa1 23. Bxa1 Qe6 24. b5 c5 25. Qf3 c4 26. Bd4 f6 27. g4 cxd3 28.
exd3 Bd6 29. g5 fxg5 30. Rxg5 Re7 31. Rf5 h6 32. Nxd6 Qxd6 33. Qd5+ Qxd5+ 34.
Rxd5 Kf7 35. Rd6 Nf8 36. b6 Rd7 37. Rxd7+ Nxd7 38. Kf3 g6 39. Be3 1/2-1/2

[Event "Charlotte Labor Day GM-B"]
[Site "Charlotte USA"]
[Date "2021.09.06"]
[Round "8.4"]
[White "Roussel-Roozmon, Thomas"]
[Black "Paragua, Mark"]
[Result "1/2-1/2"]
[WhiteElo "2462"]
[BlackElo "2475"]
[PlyCount "41"]
[EventDate "2021.09.02"]
[EventType "tourn"]
[EventRounds "9"]
[EventCountry "USA"]
[EventCategory "9"]
[Source "ChessMix"]
[SourceDate "2021.09.10"]
[WhiteTeam "Canada"]
[BlackTeam "Philippines"]
[WhiteTeamCountry "CAN"]
[BlackTeamCountry "PHI"]

1. d4 d5 2. c4 c6 3. Nf3 Nf6 4. Qc2 dxc4 5. Qxc4 Bf5 6. g3 e6 7. Bg2 Be7 8. O-O
O-O 9. Rd1 Qd5 10. Ne5 Qxc4 11. Nxc4 Rd8 12. Nc3 Bb4 13. e4 Bg6 14. f3 b5 15.
Ne5 Nfd7 16. Nxg6 hxg6 17. Be3 Nb6 18. Bf1 Bxc3 19. bxc3 N8d7 20. Rab1 f5 21.
Bg5 1/2-1/2

[Event "Charlotte Labor Day GM-B"]
[Site "Charlotte USA"]
[Date "2021.09.07"]
[Round "9.3"]
[White "Sheng, Joshua"]
[Black "Roussel-Roozmon, Thomas"]
[Result "1/2-1/2"]
[WhiteElo "2465"]
[BlackElo "2462"]
[PlyCount "31"]
[EventDate "2021.09.02"]
[EventType "tourn"]
[EventRounds "9"]
[EventCountry "USA"]
[EventCategory "9"]
[Source "ChessMix"]
[SourceDate "2021.09.10"]
[WhiteTeam "United States"]
[BlackTeam "Canada"]
[WhiteTeamCountry "USA"]
[BlackTeamCountry "CAN"]

1. e4 e5 2. Nf3 Nc6 3. Bb5 Nf6 4. d3 d6 5. O-O g6 6. c3 Bg7 7. Nbd2 O-O 8. Re1
Bd7 9. Nf1 Qe8 10. h3 Nd4 11. Bc4 Nxf3+ 12. Qxf3 Be6 13. Bg5 Nd7 14. Ne3 h6 15.
Bh4 c6 16. Qd1 1/2-1/2

[Event "Quebec op Online"]
[Site "chess.com"]
[Date "2020.07.25"]
[Round "1.1"]
[White "He, Jiaqi"]
[Black "Roussel-Roozmon, Thomas"]
[Result "0-1"]
[WhiteElo "1671"]
[BlackElo "2503"]
[PlyCount "80"]
[EventDate "2020.07.25"]
[EventType "swiss"]
[EventRounds "7"]
[EventCountry "CAN"]

1. e4 g6 2. Nf3 Bg7 3. d4 d6 4. Bc4 Nf6 5. Nc3 O-O 6. O-O Bg4 7. h3 Bxf3 8.
Qxf3 Nc6 9. Be3 e5 10. dxe5 Nxe5 11. Qe2 Nxc4 12. Qxc4 Qd7 13. Bf4 Qc6 14. Qxc6
bxc6 15. Rad1 Nd7 16. Rfe1 Rab8 17. Rb1 Rxb2 18. Rxb2 Bxc3 19. Reb1 Bxb2 20.
Rxb2 Rb8 21. Rxb8+ Nxb8 22. Kf1 f6 23. Ke2 Kf7 24. Be3 c5 25. f4 f5 26. exf5
gxf5 27. g4 Nc6 28. c3 Ne7 29. Kf3 Nd5 30. Bd2 Nb6 31. Ke3 Nc4+ 32. Kd3 Nxd2
33. Kxd2 d5 34. Ke3 Kg6 35. Kf3 c4 36. Ke3 c5 37. a3 a6 38. Kf3 d4 39. g5 Kh5
40. cxd4 cxd4 0-1

[Event "Quebec op Online"]
[Site "chess.com"]
[Date "2020.07.26"]
[Round "2.1"]
[White "Roussel-Roozmon, Thomas"]
[Black "Craciun, David"]
[Result "1-0"]
[WhiteElo "2503"]
[BlackElo "1930"]
[PlyCount "45"]
[EventDate "2020.07.25"]
[EventType "swiss"]
[EventRounds "7"]
[EventCountry "CAN"]

1. Nf3 d5 2. g3 Nf6 3. Bg2 e6 4. O-O Nbd7 5. d4 Bd6 6. c4 c6 7. Nc3 dxc4 8. a4
O-O 9. Nd2 e5 10. Nxc4 Bc7 11. a5 Qe7 12. b3 Rd8 13. Ba3 Qe6 14. d5 cxd5 15.
Bxd5 Qf5 16. Bd6 Nxd5 17. Nxd5 Bxd6 18. Nxd6 Qg5 19. h4 Qg4 20. Nxc8 Kf8 21.
Nde7 Ke8 22. Qd6 Qe6 23. Nf5 1-0

[Event "Quebec op Online"]
[Site "chess.com"]
[Date "2020.07.27"]
[Round "3.1"]
[White "Adam, Rafael"]
[Black "Roussel-Roozmon, Thomas"]
[Result "0-1"]
[WhiteElo "2049"]
[BlackElo "2503"]
[PlyCount "112"]
[EventDate "2020.07.25"]
[EventType "swiss"]
[EventRounds "7"]
[EventCountry "CAN"]

1. e3 g6 2. d4 Bg7 3. Nf3 d6 4. b3 e6 5. Bb2 Ne7 6. Bd3 b6 7. Nbd2 Bb7 8. O-O
Nd7 9. Qe2 O-O 10. Rfd1 h6 11. Nf1 f5 12. e4 Qe8 13. exf5 Nxf5 14. Be4 Bxe4 15.
Qxe4 Nf6 16. Qe2 Qf7 17. c4 g5 18. h3 Nh5 19. Bc1 Rae8 20. N1h2 Ne7 21. Be3 Ng6
22. g3 Nf6 23. Re1 Ne4 24. Qd3 d5 25. Re2 Qf5 26. g4 Qf7 27. Rc1 Qd7 28. cxd5
exd5 29. Rec2 Re7 30. Rc6 Rf6 31. Qc2 Rxc6 32. Qxc6 Qxc6 33. Rxc6 Kf7 34. Nf1
Rd7 35. N1d2 Ne7 36. Rc2 Ke6 37. Kf1 Nc8 38. h4 gxh4 39. Nxh4 Ncd6 40. f3 Nxd2+
41. Rxd2 Rf7 42. Ke2 c6 43. Rc2 Kd7 44. Ng6 Nb5 45. Ne5+ Bxe5 46. dxe5 c5 47.
f4 d4 48. Bd2 Ke6 49. a4 Nc7 50. f5+ Kxe5 51. Bxh6 Rh7 52. Bd2 Ke4 53. Rc4 Rh2+
54. Ke1 Nd5 55. Bg5 Kf3 56. f6 Ne3 0-1

[Event "Quebec op Online"]
[Site "chess.com"]
[Date "2020.07.28"]
[Round "4.1"]
[White "Roussel-Roozmon, Thomas"]
[Black "Allard, Laurent"]
[Result "1-0"]
[WhiteElo "2503"]
[BlackElo "2165"]
[PlyCount "97"]
[EventDate "2020.07.25"]
[EventType "swiss"]
[EventRounds "7"]
[EventCountry "CAN"]

1. d4 Nf6 2. c4 g6 3. g3 Bg7 4. Bg2 O-O 5. Nc3 d6 6. Nf3 Nc6 7. O-O a6 8. b3
Rb8 9. d5 Na5 10. Bg5 h6 11. Bd2 c5 12. dxc6 Nxc6 13. Rc1 Be6 14. Ne1 Qd7 15.
Nd5 Kh7 16. Nd3 Bf5 17. Nxf6+ Bxf6 18. Bc3 Bxc3 19. Rxc3 Bh3 20. Bxh3 Qxh3 21.
Nf4 Qf5 22. Qd5 Qf6 23. Qd2 Rfd8 24. Rd1 Rbc8 25. Nd5 Qg7 26. Kg2 f5 27. Re1
Rf8 28. e4 e5 29. exf5 Rxf5 30. Ne3 Rf7 31. Nc2 Qf8 32. a4 Rf6 33. Rd3 Qf7 34.
Re2 Qc7 35. Ne3 Ne7 36. Ng4 Re6 37. Qxh6+ Kg8 38. Qe3 Rf8 39. Qe4 Nf5 40. Ne3
Nxe3+ 41. Rexe3 Ref6 42. Rf3 Kg7 43. Rxf6 Rxf6 44. Rf3 Rxf3 45. Qxf3 Qb6 46. h4
Qb4 47. g4 b5 48. axb5 axb5 49. Qb7+ 1-0

[Event "Quebec op Online"]
[Site "chess.com"]
[Date "2020.07.29"]
[Round "5.1"]
[White "Huang, Qiuyu"]
[Black "Roussel-Roozmon, Thomas"]
[Result "0-1"]
[WhiteElo "2203"]
[BlackElo "2503"]
[PlyCount "87"]
[EventDate "2020.07.25"]
[EventType "swiss"]
[EventRounds "7"]
[EventCountry "CAN"]

1. e4 c5 2. Nf3 e6 3. d4 cxd4 4. Nxd4 Nc6 5. Nc3 Qc7 6. Be2 a6 7. Be3 Nf6 8.
O-O Bb4 9. Na4 Be7 10. c4 Nxe4 11. Nxc6 bxc6 12. Qd4 Nf6 13. Rfd1 d6 14. Bf3 c5
15. Qf4 Rb8 16. Qg3 O-O 17. b3 Nd7 18. Bf4 Ne5 19. Bxe5 dxe5 20. Rd2 Bd7 21.
Nc3 Rfd8 22. Rad1 Be8 23. Rxd8 Rxd8 24. Rxd8 Bxd8 25. Be4 f5 26. Bc2 e4 27.
Qxc7 Bxc7 28. h3 Be5 29. Na4 Bd4 30. Kf1 Kf7 31. Ke2 Ke7 32. a3 a5 33. Kf1 Bc6
34. Ke2 Kd6 35. Kf1 g5 36. Bd1 Be8 37. Ke1 h5 38. Kf1 Ke5 39. Ke1 h4 40. Be2
Kf4 41. Bd1 e3 42. f3 Kg3 43. Kf1 Bc6 44. Nb6 0-1

[Event "Quebec op Online"]
[Site "chess.com"]
[Date "2020.07.30"]
[Round "6.1"]
[White "Roussel-Roozmon, Thomas"]
[Black "Ouellet, Maili-Jade"]
[Result "1/2-1/2"]
[WhiteElo "2503"]
[BlackElo "2341"]
[PlyCount "105"]
[EventDate "2020.07.25"]
[EventType "swiss"]
[EventRounds "7"]
[EventCountry "CAN"]

1. Nf3 d5 2. g3 Nf6 3. Bg2 e6 4. O-O Be7 5. c4 O-O 6. b3 c5 7. cxd5 Nxd5 8. Bb2
Nc6 9. d4 cxd4 10. Nxd4 Bd7 11. Na3 Nxd4 12. Qxd4 Bf6 13. Qd2 Bc6 14. Nc4 Bxb2
15. Qxb2 Nb4 16. Rfd1 Qe7 17. e4 Rfd8 18. a3 Nd3 19. Qe2 Nc5 20. Na5 e5 21.
Nxc6 bxc6 22. Qc4 Ne6 23. Rxd8+ Rxd8 24. Qxc6 Nd4 25. Qc4 Qb7 26. b4 Rc8 27.
Qd5 Qc7 28. Bh3 Rd8 29. Qa5 Qxa5 30. bxa5 Nb3 31. Rb1 Nxa5 32. Bf1 g6 33. Rb5
Nc6 34. Rb7 Rd4 35. Bb5 Nd8 36. Rxa7 Rxe4 37. a4 Ne6 38. a5 Nd4 39. Be8 f5 40.
Rd7 Re1+ 41. Kg2 Ra1 42. Rd5 Nb3 43. Bb5 Nxa5 44. Rxe5 Kf7 45. Rc5 Kf6 46. h4
Re1 47. Ba6 Re5 48. Rc3 Re7 49. Rc5 Nb7 50. Rc6+ Kg7 51. Bxb7 Rxb7 52. Kf3 Re7
53. Ra6 1/2-1/2

[Event "Quebec op Online"]
[Site "chess.com"]
[Date "2020.07.31"]
[Round "7.1"]
[White "Leger, Manon"]
[Black "Roussel-Roozmon, Thomas"]
[Result "0-1"]
[WhiteElo "1894"]
[BlackElo "2503"]
[PlyCount "42"]
[EventDate "2020.07.25"]
[EventType "swiss"]
[EventRounds "7"]
[EventCountry "CAN"]

1. c4 e5 2. Nc3 Bb4 3. a3 Bxc3 4. bxc3 d6 5. e4 f5 6. d3 fxe4 7. dxe4 Nd7 8.
Nf3 Ngf6 9. Qc2 Nc5 10. Nd2 Be6 11. Be2 O-O 12. O-O Qe8 13. Re1 Qa4 14. Qb1
Nfd7 15. Bd1 Qc6 16. f3 Nb6 17. Be2 Nca4 18. Qd3 Qc5+ 19. Kh1 Qa5 20. Rb1 Qxc3
21. Rb3 Qxd3 0-1

[Event "Prague Festival op"]
[Site "Prague CZE"]
[Date "2020.02.14"]
[Round "1"]
[White "Troffiguer, Olivier"]
[Black "Roussel-Roozmon, Thomas"]
[Result "1-0"]
[WhiteElo "2069"]
[BlackElo "2473"]
[PlyCount "151"]
[EventDate "2020.02.14"]
[EventType "swiss"]
[EventRounds "9"]
[EventCountry "CZE"]

1. d4 Nf6 2. Nc3 d5 3. Bf4 c5 4. e3 cxd4 5. exd4 a6 6. Nf3 Bg4 7. h3 Bxf3 8.
Qxf3 Nc6 9. O-O-O e6 10. g4 Be7 11. Kb1 Rc8 12. g5 Nd7 13. h4 Na5 14. Bh3 Nc4
15. Rd3 b5 16. Re1 Ndb6 17. h5 g6 18. Qg3 b4 19. Nd1 Rc6 20. Qh4 Rf8 21. hxg6
hxg6 22. Re2 Na4 23. Bc1 Qa5 24. b3 Nc3+ 25. Nxc3 bxc3 26. Qg3 Kd7 27. f4 Ba3
28. Qe1 Bxc1 29. Qxc1 Rh8 30. Rg2 Rh4 31. Rg4 Rxg4 32. Bxg4 Rc8 33. Rh3 Na3+
34. Ka1 Nb5 35. Rh7 Ke7 36. Bxe6 Kxe6 37. Qe3+ Kd6 38. Rxf7 Qd8 39. a4 Qe8 40.
Qe5+ Qxe5 41. fxe5+ Ke6 42. Rf6+ Ke7 43. axb5 axb5 44. Rxg6 Rh8 45. Rh6 Rf8 46.
Rf6 Rh8 47. Rb6 Rh4 48. Rxb5 Rxd4 49. Rc5 Rd1+ 50. Ka2 d4 51. b4 Ke6 52. Kb3
Kf5 53. Kc4 Rd2 54. Rd5 Rxc2 55. Rxd4 Rc1 56. Rd3 c2 57. Rd2 Kxe5 58. Kc3 Rg1
59. Kxc2 Rxg5 60. Kb3 Rg6 61. Ka4 Ra6+ 62. Kb5 Ra8 63. Rd7 Ke6 64. Rb7 Kd6 65.
Kb6 Rh8 66. b5 Rg8 67. Ka7 Rg1 68. Rh7 Ra1+ 69. Kb7 Rb1 70. b6 Rb2 71. Rc7 Rb1
72. Rc2 Ra1 73. Kb8 Kd7 74. b7 Ra3 75. Rd2+ Ke7 76. Rd4 1-0

[Event "Prague Festival op"]
[Site "Prague CZE"]
[Date "2020.02.16"]
[Round "3"]
[White "Staszko, Martin"]
[Black "Roussel-Roozmon, Thomas"]
[Result "1/2-1/2"]
[WhiteElo "2084"]
[BlackElo "2473"]
[PlyCount "58"]
[EventDate "2020.02.14"]
[EventType "swiss"]
[EventRounds "9"]
[EventCountry "CZE"]

1. d4 Nf6 2. Nf3 e6 3. c4 c5 4. e3 a6 5. Nc3 d5 6. cxd5 exd5 7. Be2 Nc6 8. O-O
Bd6 9. dxc5 Bxc5 10. a3 O-O 11. b4 Ba7 12. Bb2 d4 13. exd4 Nxd4 14. Nxd4 Bxd4
15. Bf3 Rb8 16. Na4 Bxb2 17. Nxb2 Be6 18. Rc1 b6 19. g3 a5 20. Qxd8 Rfxd8 21.
Rfd1 Kf8 22. Rxd8+ Rxd8 23. Na4 Rd3 24. Rc3 Rd4 25. bxa5 bxa5 26. Nc5 Bh3 27.
Nb3 Ra4 28. Nc5 Rd4 29. Nb3 Ra4 1/2-1/2

[Event "Prague Festival op"]
[Site "Prague CZE"]
[Date "2020.02.18"]
[Round "5"]
[White "Podetti, Davide"]
[Black "Roussel-Roozmon, Thomas"]
[Result "0-1"]
[WhiteElo "2187"]
[BlackElo "2473"]
[PlyCount "88"]
[EventDate "2020.02.14"]
[EventType "swiss"]
[EventRounds "9"]
[EventCountry "CZE"]

1. e4 c5 2. Nf3 e6 3. c4 Nc6 4. d4 cxd4 5. Nxd4 Bc5 6. Nxc6 bxc6 7. Bd3 e5 8.
Nc3 d6 9. O-O Ne7 10. Qe2 O-O 11. Be3 Bxe3 12. Qxe3 c5 13. Rad1 Nc6 14. Qg3 Be6
15. b3 Nd4 16. Kh1 a5 17. f4 f6 18. Rd2 Bd7 19. Rdf2 a4 20. Nd5 Kh8 21. bxa4
Bxa4 22. Nc3 Bc6 23. a4 Ne6 24. fxe5 dxe5 25. Nd5 Bxa4 26. Qh3 Bd7 27. Qh4 Nd4
28. h3 Be6 29. Kg1 Ra3 30. Bb1 Rb3 31. Qh5 Kg8 32. Qh4 Rb7 33. Qg3 Rbf7 34. Bd3
Kh8 35. Kh1 Qd6 36. Re1 Rb8 37. Qh4 Rb3 38. Bf1 Bxd5 39. exd5 g6 40. Ra2 Kg7
41. Rea1 Rfb7 42. Ra7 Qe7 43. Rxb7 Rxb7 44. Qf2 e4 0-1

[Event "Prague Festival op"]
[Site "Prague CZE"]
[Date "2020.02.19"]
[Round "6"]
[White "Roussel-Roozmon, Thomas"]
[Black "Obsivac, Josef"]
[Result "1-0"]
[WhiteElo "2473"]
[BlackElo "2267"]
[PlyCount "77"]
[EventDate "2020.02.14"]
[EventType "swiss"]
[EventRounds "9"]
[EventCountry "CZE"]

1. d4 Nf6 2. c4 g6 3. g3 Bg7 4. Bg2 d6 5. Nc3 O-O 6. Nf3 Nc6 7. O-O Rb8 8. b3
a6 9. d5 Na5 10. Bg5 h6 11. Bd2 c5 12. dxc6 Nxc6 13. Rc1 Bf5 14. Nd5 g5 15. h4
g4 16. Nxf6+ Bxf6 17. Ne1 Kh7 18. Nc2 h5 19. Ne3 Bg6 20. Nd5 Bb2 21. Rc2 Bg7
22. Nf4 Nd4 23. Rc1 Qd7 24. Bc3 e5 25. Bxd4 exd4 26. Qd2 Rbe8 27. c5 dxc5 28.
Rxc5 Re5 29. Rfc1 Rxc5 30. Rxc5 Rc8 31. Rd5 Qc7 32. Nxh5 Qc3 33. Qf4 Qe1+ 34.
Kh2 Rc1 35. Qxg4 Qg1+ 36. Kh3 Bh8 37. Nf4 Qxf2 38. h5 Bb1 39. Rd7 1-0

[Event "Prague Festival op"]
[Site "Prague CZE"]
[Date "2020.02.20"]
[Round "7"]
[White "Roussel-Roozmon, Thomas"]
[Black "Plischki, Sebastian"]
[Result "1-0"]
[WhiteElo "2473"]
[BlackElo "2367"]
[PlyCount "79"]
[EventDate "2020.02.14"]
[EventType "swiss"]
[EventRounds "9"]
[EventCountry "CZE"]

1. d4 Nf6 2. c4 g6 3. g3 Bg7 4. Bg2 O-O 5. Nc3 c5 6. dxc5 Na6 7. Nf3 Nxc5 8.
O-O b6 9. Nd4 Bb7 10. Bxb7 Nxb7 11. e4 d6 12. Be3 Rc8 13. b3 Nc5 14. f3 a6 15.
Rc1 e6 16. Qd2 Qc7 17. Rfd1 Rfd8 18. Bg5 Qe7 19. Kg2 Qf8 20. Qe2 h6 21. Be3 Qe7
22. b4 Ncd7 23. b5 axb5 24. cxb5 Nb8 25. Na4 Qb7 26. Nxb6 Qxb6 27. Nxe6 Qb7 28.
Nxd8 Rxd8 29. a4 d5 30. Qc2 Nbd7 31. Qc6 Qa8 32. Qxa8 Rxa8 33. b6 Rxa4 34. b7
Rb4 35. Rb1 Rxb1 36. Rxb1 dxe4 37. fxe4 Nxe4 38. Rd1 Nef6 39. Bf4 Bf8 40. Be5
1-0

[Event "Prague Festival op"]
[Site "Prague CZE"]
[Date "2020.02.21"]
[Round "8"]
[White "Simek, Petr"]
[Black "Roussel-Roozmon, Thomas"]
[Result "0-1"]
[WhiteElo "2313"]
[BlackElo "2473"]
[PlyCount "98"]
[EventDate "2020.02.14"]
[EventType "swiss"]
[EventRounds "9"]
[EventCountry "CZE"]

1. d4 Nf6 2. c4 e6 3. Nf3 d5 4. g3 Bb4+ 5. Bd2 Bd6 6. Nc3 O-O 7. Bg2 c6 8. Bg5
h6 9. Bxf6 Qxf6 10. O-O Qd8 11. e4 dxc4 12. Qe2 b5 13. e5 Be7 14. Rfd1 Bb7 15.
Ne4 Nd7 16. h4 Qc7 17. Qe3 c5 18. dxc5 Bxe4 19. Qxe4 Nxc5 20. Qe2 Rac8 21. Ne1
Rfd8 22. f4 a6 23. Kh2 Rxd1 24. Rxd1 Rd8 25. a3 Na4 26. Rxd8+ Qxd8 27. Bb7 Qb6
28. Be4 Nc5 29. Bb1 Kf8 30. h5 Qd8 31. Kh3 Qd5 32. Kg4 Ke8 33. Bc2 Bd8 34. Bh7
Ba5 35. Nc2 Nd3 36. Ne3 Qd4 37. Nc2 Qd5 38. Ne3 Qd4 39. Nc2 Qd8 40. Qf3 Qd5 41.
Qxd5 exd5 42. Bxd3 cxd3 43. Ne3 Bd2 44. Nd1 Bc1 45. Kf5 Ke7 46. g4 a5 47. g5 a4
48. Nc3 Bxb2 49. Nxd5+ Kf8 0-1